000 00466nam a2200181Ia 4500
001 897
005 20260306140552.0
008 260306t1999||||xx |||||||||||||| ||spa||
041 _aESP
082 _a172
_bS25
100 _aSantuc, Vicente
_eAUT
245 0 _aDemocracia, sociedad civil y solidaridad:
_bensayos sobre filosofía civil y solidaridad
260 _c1999
300 _a235 páginas :
_c
650 _aGEN
654 _aCHU
942 _cLIB
_dJUS
_fJUS
_2ddc
_n
999 _c897
_d897